| 000 | 00597nmc a2200241 a 4500 | ||
|---|---|---|---|
| 003 | AR-BaBNM | ||
| 005 | 20251128211223.0 | ||
| 008 | 013020s2001 ||||||||||||||000 | spa|| | ||
| 020 | _a987-545-003-0 | ||
| 040 | _cAR-BaBNM | ||
| 100 | 1 |
_aGambaro, Griselda _d1928- |
|
| 245 | 1 | 0 | _aEl mar que nos trajo |
| 250 | _a1ยช ed. | ||
| 260 |
_aBuenos Aires _bGrupo Editorial Norma _c2001 |
||
| 300 | _a156 p. | ||
| 490 | 0 | _aLa otra orilla | |
| 650 | 4 | _aLITERATURA ARGENTINA | |
| 650 | 4 | _aNOVELAS | |
| 650 | 4 | _aINMIGRACION EN ARGENTINA | |
| 655 | _aLITERATURA | ||
| 942 | _cBK | ||
| 998 | _cLaura | ||
| 999 |
_c18780 _d18780 |
||